000 01131cam a2200313 i 4500
001 24739
003 Mx-PuUPA
005 20250319124835.0
008 140415s2001 mx gr 000 0 spa d
020 _a9688569224
040 _cMx-PuUPA
_aMx-PuUPA
_bspa
_dMx-PuUPA
_erda
041 0 _aspa
100 1 _aFornet-Betancourt, Raúl,
_d1946-
_916780
_eautor
245 1 0 _aTransformaciones del marxismo :
_bhistoria del marxismo en América Latina /
_cRaúl Fornet-Betancourt
250 _aPrimera edición /
_bjulio
264 1 _aMéxico, D.F. :
_bPlaza y Valdés,
_c2001
300 _a417 páginas ;
_c23 cm
336 _2rdacontent
_atexto
_btxt
337 _2rdamedia
_asin medio
_bn
338 _2rdacarrier
_avolumen
_bnc
600 1 4 _aMarx, Karl,
_d1818 - 1883
_xInfluencia
650 7 _2armarc
_aComunismo
_zAmérica Latina
_xHistoria
650 7 _2armarc
_aMarxismo
_xHistoria
_zAmérica Latina
650 7 _2armarc
_aComunismo
_zAmerica Latina
_xHistoria
650 7 _2armarc
_aSocialismo
_zAmérica Latina
_xHistoria
942 _2ddc
_cLI
_h335.4098
_iF62
_n
999 _c24739
_d24739